Interacción y proyecto familiar

שמור ב:
מידע ביבליוגרפי
מחבר ראשי: Frank de Verthelyi, Renata (Author)
פורמט: ספר
שפה:ספרדית
יצא לאור: Barcelona Gedisa 1985
סדרה:Colección psicoteca mayor
נושאים:
תגים: הוספת תג
אין תגיות, היה/י הראשונ/ה לתייג את הרשומה!

MARC

LEADER 00000nam a2200000 a 4500
001 UCY9506
003 CL-VaPUC
008 950717e19850300SP |||||||||||||||||spa|d
082 0 4 |a 158.24  |b FRA  |2 21 
100 0 |a Frank de Verthelyi, Renata  |e author  |9 341762 
245 1 0 |a Interacción y proyecto familiar 
246 1 0 |a Evaluación individual, diádica y grupal por medio del test de la familia kinética actual y prospectiva 
300 |a 313 p 
942 |c BK 
945 |d 19950717 00:00:00  |a cmena 
260 |a Barcelona  |b Gedisa  |c 1985 
650 0 |a Psicología aplicada   |9 270762 
650 0 |a Familias   |9 255641 
650 7 |a TESTS  |2 CL-VaPUC  |9 309359 
650 0 |a Tests psicológicos  |9 308644 
650 7 |a INVESTIGACION PSICOLOGICA  |2 CL-VaPUC  |9 309030 
650 0 |a Psicoanálisis   |9 265702 
650 0 |a Vida familiar  |9 308049 
650 7 |a PSICOTERAPIA  |2 CL-VaPUC  |9 341763 
583 |a last modification  |c 19950717 00:00:00  |k Rodrigo Vera 
490 0 |a Colección psicoteca mayor 
999 |c 236591  |d 236589 
952 |0 0  |1 0  |4 0  |6 158_240000000000000_FRA_1985  |7 0  |8 A  |9 244780  |a BIBEDU  |b BIBEDU  |d 2019-11-18  |i 1531883  |o 158.24 FRA 1985  |p 1531883  |r 2019-11-18  |w 2019-11-18  |y BK  |k EDU 
952 |0 0  |1 0  |4 0  |6 158_240000000000000_FRA_1985  |7 0  |8 A  |9 244781  |a BIBEDU  |b BIBEDU  |d 2019-11-18  |i 4453921  |o 158.24 FRA 1985  |p 4453921  |r 2019-11-18  |w 2019-11-18  |y BK  |k PSI